Представление документа в формате MARC21

Поле Инд. ПП Название Значение
Тип записи a
Библиографический уровень m
001 Контрольный номер 4bf59fd9-fb07-42d7-9a24-4c2f93f245b0
005 Дата корректировки 20230512083824.0
008 Кодируемые данные 000210 d
080 a Индекс УДК 78.03
084 a Индекс другой классификации/Индекс ББК Щ313(0)
090 c Каталожный индекс Щ313(0)
x Авторский знак С60
a Полочн. индекс Щ313(0)
100 1_ a Автор Соллертинский Иван Иванович
245 0_ a Заглавие Музыкально-исторические этюды
c Ответственность Вступ. ст. Д.Д. Шостаковича; Ред.-сост. М. Друскин
260 0_ a Место издания Ленинград
b Издательство Музгиз
c Дата издания 1956
300 a Объем 360,[2] с.,[1] л. портр.
b Иллюстрации/ тип воспроизводства ил.
504 a Библиография Библиогр. в примеч.: с.360-361.
650 04 a Основная рубрика Музыка
x Основная подрубрика История
653 0_ a Ключевые слова История музыки
a Ключевые слова Музыка
700 1_ a Другие авторы Шостакович Дмитрий Дмитриевич
e Роль лиц вступ. ст.
700 1_ a Другие авторы ДРУСКИН МИХАИЛ СЕМЕНОВИЧ
e Роль лиц ред.-сост.
852 41 i Расстановочный признак Проверка 2023
920 a Оператор Хохл
952 c Вид литературы К рн
954 a Дата поступления на обработку 29.12.97
e Дата перешифровки 20230512